State of war : Michigan in World War II /

Bibliographic Details
Main Author: Clive, Alan, 1944-2008
Format: Book
Language:English
Published: Ann Arbor : University of Michigan Press, [1979]
Subjects:

MARC

Tag First Indicator Second Indicator Subfields
LEADER 00000pam a2200000 a 4500
001 in00000071250
005 20151008062127.0
008 790307s1979 miuaf b 00110 engm
010 |a  79010213  
020 |a 0472100017 :  |c $15.00 
035 |a (OCoLC)04775688 
035 |9 AAJ9578AM 
040 |a DLC  |c DLC  |d m.c.  |d TXA  |d UtOrBLW 
043 |a n-us-mi 
049 |a TXAM  |c [932707] 
050 0 0 |a HC107.M5  |b C5 
082 0 |a 977.4/04 
100 1 |a Clive, Alan,  |d 1944-2008. 
245 1 0 |a State of war :  |b Michigan in World War II /  |c Alan Clive. 
264 1 |a Ann Arbor :  |b University of Michigan Press,  |c [1979] 
264 4 |c ©1979 
300 |a xiii, 301 pages, 8 unnumbered pages of plates :  |b illustrations ;  |c 24 cm. 
336 |a text  |b txt  |2 rdacontent 
337 |a unmediated  |b n  |2 rdamedia 
338 |a volume  |b nc  |2 rdacarrier 
500 |a Includes index. 
504 |a Bibliography: pages 273-290. 
650 0 |a World War, 1939-1945  |x Economic aspects  |z Michigan. 
651 0 |a Michigan  |x Social conditions. 
999 |a MARS 
999 f f |s 3a9d0b94-d211-3331-b989-5e69195bed13  |i 70e49411-12c2-3321-bbb8-ba63ef243fb3  |t 0 
952 f f |p normal  |a Texas A&M University  |b College Station  |c Sterling C. Evans Library  |d Evans: Library Stacks  |t 0  |e HC107.M5 C5  |h Library of Congress classification  |i unmediated -- volume  |m A14806121712 
998 f f |a HC107.M5 C5  |t 0  |l Evans: Library Stacks